<?xml version="1.0" encoding="UTF-8"?>
<collection xmlns:xsi="http://www.w3.org/2001/XMLSchema-instance" xsi:schemaLocation="http://www.loc.gov/MARC21/slim http://www.loc.gov/standards/marcxml/schema/MARC21slim.xsd" xmlns="http://www.loc.gov/MARC21/slim">
 <record>
  <leader>00000ctm a22000004a 4500</leader>
  <controlfield tag="001">UP-99796217612386974</controlfield>
  <controlfield tag="003">Buklod</controlfield>
  <controlfield tag="005">20170223174522.0</controlfield>
  <controlfield tag="006">a     r    |||| u|</controlfield>
  <controlfield tag="007">ta</controlfield>
  <controlfield tag="008">170223s1987    xx     d     r    |||| u|</controlfield>
  <datafield tag="035" ind1=" " ind2=" ">
   <subfield code="a">(iLib)UPD-00261911270</subfield>
  </datafield>
  <datafield tag="040" ind1=" " ind2=" ">
   <subfield code="a">DCHE</subfield>
  </datafield>
  <datafield tag="041" ind1=" " ind2=" ">
   <subfield code="a">eng</subfield>
  </datafield>
  <datafield tag="042" ind1=" " ind2=" ">
   <subfield code="a">DMLUC</subfield>
  </datafield>
  <datafield tag="090" ind1=" " ind2=" ">
   <subfield code="a">LG 995 1987 H6</subfield>
   <subfield code="b">C85</subfield>
  </datafield>
  <datafield tag="100" ind1="1" ind2=" ">
   <subfield code="a">Culas, Norma Celiz</subfield>
  </datafield>
  <datafield tag="245" ind1="1" ind2="0">
   <subfield code="a">Costumes of selected cultural communities in Bukidnon</subfield>
   <subfield code="c">by Norma Celiz Culas ; Angelita M. Dizon, adviser.</subfield>
  </datafield>
  <datafield tag="264" ind1=" " ind2="1">
   <subfield code="c">1987.</subfield>
  </datafield>
  <datafield tag="300" ind1=" " ind2=" ">
   <subfield code="a">xiii, 134 leaves</subfield>
   <subfield code="b">col. ill., map</subfield>
  </datafield>
  <datafield tag="502" ind1=" " ind2=" ">
   <subfield code="a">Thesis (M. A. Home Economics)--University of the Philippines, Diliman.</subfield>
  </datafield>
  <datafield tag="520" ind1=" " ind2=" ">
   <subfield code="a">This study attempts to trace and record the details of the costumes of the cultural communities in Bukidnon and the factors related in their choice of clothing. A structured personal interview was used to gather data from seven ethnolinguistic groups in Bukidnon, namely: Matigsalug, Tala-andig, Pulangion, Umayamnon, Ilianon, Tigwahanon, Southern and Western Manobo. The findings of the study are the following : 1. Prior to the Spanish colonization, children were naked from birth to seven years old. The adult men and women had no upper garments. The women wore tapis and the men wore bahag made from barks of trees. Accessories worn were necklaces, bracelets, earrings, earplugs and ginger rings made of seeds, shells, bones, horns, metal, wild boar's and cat's teeth, hairs and tusk; the ampuklas and tikkos were made of vines. 2. Costumes in the early part of Spanish colonization were blouses and skirts for women and loose shirts and abaca pants for men. Indigenous vegetable dyes were used in dyeing abaca fibers. In the latter part of the American regime, costumes were of the same style; however, they were made of manufactured fabrics. Red, white, black and dark blue are the usual colors selected. The decorations used on their costumes were dominantly geometric and stylized naturalistic designs applied either appliqued or embroidered. Accessories used were made of beads, brass and bronze. 3. Further changes in their custumes took place after the coming of Presidential Assistance on National Minorities (PANAMIN) in 1975. Factory-made cotton and/ or cotton blended fabrics were used. Decorative designs were modified into simpler forms. However, it was of the same style and color. Fashionable costume jewelry were popularly used. 4. Costumes worn by these ethnolinguistic groups speak of their culture, socio-economic status and psychological perception. They also show identity, promote brotherhood and unity. Similarities of costumes among the groups were also observed when the costumes of the group under study were compared with costumes of the other cultural communities in Mindanao. 6. Differences of costumes among the groups were found in the Matigsalug and Tala-andig costumes.</subfield>
  </datafield>
  <datafield tag="650" ind1=" " ind2="4">
   <subfield code="a">Ethnic costume</subfield>
   <subfield code="z">Philippines</subfield>
   <subfield code="z">Bukidnon</subfield>
   <subfield code="x">History.</subfield>
  </datafield>
  <datafield tag="700" ind1="1" ind2=" ">
   <subfield code="a">Dizon, Angelita Mendoza.</subfield>
  </datafield>
  <datafield tag="905" ind1=" " ind2=" ">
   <subfield code="a">FI</subfield>
  </datafield>
  <datafield tag="905" ind1=" " ind2=" ">
   <subfield code="a">UP</subfield>
  </datafield>
  <datafield tag="852" ind1="0" ind2=" ">
   <subfield code="a">UPD</subfield>
   <subfield code="b">DCHE</subfield>
   <subfield code="h">LG 995 1987 H6</subfield>
   <subfield code="i">C85</subfield>
  </datafield>
  <datafield tag="942" ind1=" " ind2=" ">
   <subfield code="a">Thesis</subfield>
  </datafield>
 </record>
</collection>
